000 00229 a2200085 4500
020 _a9781409462651
100 _a Matthew Carmona
245 _aExplorations in Urban Design: An Urban Design
260 _bAshgate Publishing Limited
_c2014
999 _c13109
_d13109